01659cac a22003735a 450000500170000000800410001701000160005802000150007402000220008902000590011104000190017008200260018910000340021524501410024926000850039030000340047550000240050950400420053359000170057565000480059265100460064065300230068665500240070970000400073370000500077370000320082370000350085570000380089070000390092894200300096799900150099795201330101295201400114520150811131214.0150809s1984 xxua|||fr|||| 001 0 eng d a 83051344 a086531697X a0865316988 (pbk.) a9774240235 (American University in Cairo Press : pbk.) bengd EG-ScBUE04a327.09174927bKOR2221 aKorany, Bahgat. 14aThe foreign policies of Arab states /cBahgat Korany and Ali E. Hillal Dessouki ; with contributions by Ahmad Yousef Ahmad ... [et al.]. a[Cairo], Egypt :bWestview Press :bAmerican University in Cairo Press,cc.1984. axii, 354 p. :bmaps ;c25 cm. aIndex : p. 355-354. aIncludes bibliographical references . adoaa mohamed 2BUEshaArab countries -- Foreign relations. 0aArab countriesxForeign relations.2BUEsh bBUSBOLcAugust2015 vreading book9342321 aDessouki, Ali E. Hillal, eauthor. 1 aHinnebusch, Raymond A., econtributor.9288411 aKluge, A. G.,econtributor.1 aNoble, Paul C., econtributor.1 aSelim, Mohamed E., econtributor.1 aZartman, I, William,econtributor. cBBk327.09174927 KOR2ddc c5562d5562 00102ddc4070aMAINbMAINc1STd2007-10-31ePurchasel12m28o327.09174927 KORp000030037r2025-07-15 00:00:00s2019-12-16yBB 00102ddc40708BaccahaMAINbMAINc1STd2009-03-05epurchasel9m80o327.09174927 KORp000015321r2025-07-15 00:00:00s2021-11-23yBB